Flags by memorie/badly drawn :P - Statistics

General Stats
  • This quiz has been taken 103 times
  • The average score is 113 of 196
Answer Stats
Picture Answer % Correct
India
97%
Turkey
97%
Iran
92%
United Arab Emirates
90%
Indonesia
86%
Iraq
86%
Egypt
79%
eSwatini
79%
Ethiopia
78%
Colombia
77%
Kyrgyzstan
75%
Finland
74%
Ghana
73%
Uruguay
73%
South Africa
71%
Greece
70%
Brazil
69%
Nauru
69%
São tomé and Príncipe
69%
Bhutan
68%
El Salvador
66%
Iceland
66%
Argentina
65%
China
65%
Denmark
65%
france
65%
Germany
65%
Ireland
65%
Israel
65%
Japan
65%
Malaysia
65%
Switzerland
65%
Ukraine
65%
United Kingdom
65%
United States
65%
Australia
64%
Belgium
64%
Georgia
64%
Lebanon
64%
Nepal
64%
New Zealand
64%
Qatar
64%
Vietnam
64%
Benin
62%
Croatia
62%
Cyprus
62%
Ivory Coast
62%
Jamaica
62%
Kazakhstan
62%
Norway
62%
Pakistan
62%
Portugal
62%
Russia
62%
South Korea
62%
Spain
62%
Austria
61%
Bosnia and Herzegovina
61%
Italy
61%
Kosovo
61%
Luxembourg
61%
Malta
61%
Nigeria
61%
Saudi Arabia
61%
Singapore
61%
Slovakia
61%
Algeria
60%
Belarus
60%
Bulgaria
60%
Canada
60%
Czech Republic
60%
Estonia
60%
Liechtenstein
60%
Mexico
60%
Monaco
60%
Mongolia
60%
North Korea
60%
Philippines
60%
Romania
60%
Angola
58%
Bahrain
58%
Cambodia
58%
Chile
58%
Morocco
58%
North Macedonia
58%
Saint Kitts and Nevis
58%
Slovenia
58%
Sweden
58%
Taiwan
58%
Tunisia
58%
Vatican City
58%
Albania
57%
Bangladesh
57%
Barbados
57%
Hungary
57%
Kenya
57%
Montenegro
57%
Mozambique
57%
Netherlands
57%
Palau
57%
Poland
57%
San Marino
57%
Serbia
57%
Sri Lanka
57%
Uganda
57%
Burundi
56%
Niger
56%
Panama
56%
Peru
56%
Brunei
55%
Cuba
55%
Laos
55%
Liberia
55%
Nicaragua
55%
Senegal
55%
Seychelles
55%
Suriname
55%
Syria
55%
Afghanistan
53%
Azerbaijan
53%
Cameroon
53%
Chad
53%
Ecuador
53%
Fiji
53%
Honduras
53%
Kiribati
53%
Latvia
53%
Madagascar
53%
Malawi
53%
Namibia
53%
Sudan
53%
Venezuela
53%
Antigua and Barbuda
52%
Bahamas
52%
Dominica
52%
Jordan
52%
Kuwait
52%
Lesotho
52%
Libya
52%
Paraguay
52%
Saint Lucia
52%
Thailand
52%
Tonga
52%
Tuvalu
52%
Uzbekistan
52%
Yemen
52%
Zimbabwe
52%
Andorra
51%
Cape Verde
51%
Democratic Republic of the Congo
51%
F.S. Micronesia
51%
Haiti
51%
Lithuania
51%
Mauritania
51%
Moldova
51%
Papua New Guinea
51%
Togo
51%
Trinidad and Tobago
51%
Zambia
51%
Burkina Faso
49%
Central African Republic
49%
Dominican Republic
49%
Eritrea
49%
Guinea-Bissau
49%
Maldives
49%
Mauritius
49%
Rwanda
49%
Saint Vincent and the Grenadines
49%
Somalia
49%
Turkmenistan
49%
Costa Rica
48%
Djibouti
48%
Gabon
48%
Gambia
48%
Marshall Islands
48%
Myanmar
48%
Oman
48%
Tanzania
48%
Armenia
47%
Botswana
47%
East Timor
47%
Guatemala
47%
Guinea
47%
Republic of the Congo
47%
Samoa
47%
South Sudan
47%
Tajikistan
47%
Comoros
45%
Grenada
45%
Guyana
45%
Mali
45%
Sierra Leone
45%
Solomon Islands
45%
Belize
44%
Bolivia
44%
Equatorial Guinea
44%
Vanuatu
43%
No matching quizzes found
Score Distribution
Percent of People with Each Score
Percentile by Number Answered
Your Score History
You have not taken this quiz